Music Quiz

Random Music or Billboard Quiz

Billboard Hot 100 of 2017 Quiz Stats

Quiz Updated Feb 2, 2018

Challenge
Share
Tweet
Embed
Score 0/100 Timer 10:00
3 Plays Today
# Artist % Correct
1Ed Sheeran
94.9%
40Ed Sheeran
94.9%
2Luis Fonsi & Daddy Yankee Featuring Justin Bieber
92.2%
3Bruno Mars
90.9%
16Bruno Mars
90.9%
12DJ Khaled Featuring Justin Bieber, Quavo, Chance The Rapper & Lil Wayne
89.8%
66Kendrick Lamar Featuring Rihanna
89.7%
38Maroon 5 Featuring Kendrick Lamar
85.9%
26Zayn & Taylor Swift
83.5%
18DJ Khaled Featuring Rihanna & Bryson Tiller
82.4%
46DJ Snake Featuring Justin Bieber
82.1%
4Kendrick Lamar
81.6%
62Kendrick Lamar
81.5%
39Taylor Swift
81.1%
5The Chainsmokers & Coldplay
79.4%
7The Chainsmokers Featuring Halsey
77.9%
74Calvin Harris Featuring Pharrell Williams, Katy Perry & Big Sean
77.3%
33Rihanna
75.5%
42The Chainsmokers
75.3%
31Logic Featuring Alessia Cara & Khalid
74.6%
49Justin Timberlake
74%
69Maroon 5 Featuring Future
73%
20The Weeknd Featuring Daft Punk
71.6%
34The Weeknd Featuring Daft Punk
71.6%
83Gucci Mane Featuring Drake
70.2%
10Post Malone Featuring Quavo
70.2%
71Calvin Harris Featuring Frank Ocean & Migos
70.1%
37Drake
69.2%
65Drake
69.2%
56Post Malone Featuring 21 Savage
69.1%
43Ariana Grande Featuring Nicki Minaj
67.2%
24Cardi B
66.7%
23Shawn Mendes
65.9%
54Shawn Mendes
65.9%
# Artist % Correct
92Shawn Mendes
65.9%
9Imagine Dragons
65.3%
51Imagine Dragons
65.3%
6Migos Featuring Lil Uzi Vert
65.3%
73Katy Perry Featuring Skip Marley
64.5%
86Migos Featuring Gucci Mane
63.7%
77Sam Smith
63.4%
93Gucci Mane Featuring Migos
63.4%
36Liam Payne Featuring Quavo
62.9%
52Migos
62.2%
21Khalid
61.6%
78Khalid
61.6%
97Maroon 5 Featuring SZA
59.9%
89Miley Cyrus
59.7%
91Cheat Codes Featuring Demi Lovato
59.5%
47Demi Lovato
59.4%
96Camila Cabello Featuring Young Thug
59.1%
17Zedd & Alessia Cara
59.1%
41Machine Gun Kelly x Camila Cabello
59%
85Jason Derulo Featuring Nicki Minaj & Ty Dolla $ign
58.4%
30Alessia Cara
55.7%
87Harry Styles
55.6%
58twenty one pilots
54.9%
14Future
54.7%
22Charlie Puth
53.2%
50J Balvin & Willy William Featuring Beyoncé
52.7%
32Niall Horan
52%
27Kygo x Selena Gomez
50.8%
84P!nk
49.8%
13Lil Uzi Vert
49.8%
19Rae Sremmurd Featuring Gucci Mane
46.4%
67Kesha
46%
80SZA Featuring Travis Scott
45%
53Yo Gotti Featuring Nicki Minaj
45%
# Artist % Correct
25Childish Gambino
45%
35Big Sean
44.1%
4821 Savage
42.3%
88Adele
41.1%
82Hailee Steinfeld & Grey Featuring Zedd
40.7%
44Clean Bandit Featuring Sean Paul & Anne-Marie
40%
64Rae Sremmurd
39.9%
28KYLE Featuring Lil Yachty
39.8%
59Halsey
39.6%
11James Arthur
39.5%
15French Montana Featuring Swae Lee
38.3%
8Sam Hunt
38.1%
55Kodak Black
37.1%
68Travis Scott
36.9%
29Julia Michaels
36.1%
70D.R.A.M. Featuring Lil Yachty
35.5%
45Portugal. The Man
31.2%
81A Boogie Wit da Hoodie Featuring Kodak Black
24.6%
60Amine
21.6%
98Blackbear
21.2%
57Brett Young
19.5%
75Jon Bellion
19%
99XXXTentacion
17.8%
61Ayo & Teo
17.3%
79Playboi Carti
14.4%
100Keith Urban Featuring Carrie Underwood
14%
72Kane Brown Featuring Lauren Alaina
10.6%
95YFN Lucci Featuring PnB Rock
9.7%
76Luke Combs
8.2%
63Zay Hilfigerrr & Zayion McCall
7.5%
94Dustin Lynch
6.3%
90Marian Hill
6.2%

You're not logged in!

Compare scores with friends on all Sporcle quizzes.
Sign Up with Email
OR
Log In

You Might Also Like...

Show Comments

Extras

Top Quizzes Today


Score Distribution

Your Account Isn't Verified!

In order to create a playlist on Sporcle, you need to verify the email address you used during registration. Go to your Sporcle Settings to finish the process.

Report this User

Report this user for behavior that violates our Community Guidelines.

Details: